Spell the Marvel Character #323 - Statistics

General Stats
  • This quiz has been taken 9 times
  • The average score is 5 of 6
Answer Stats
Picture Answer % Correct
Elektra
100%
Outlaw
100%
Okoye
89%
Oya
78%
Koi Boi
67%
Yukon Jack
67%
No matching quizzes found
Score Distribution
Percent of People with Each Score
Percentile by Number Answered
Your Score History
You have not taken this quiz